| 000 | 00800cam a2200241 a 4500 | ||
|---|---|---|---|
| 001 | 76562 | ||
| 003 | BD-RjUL | ||
| 005 | 20211209082847.0 | ||
| 008 | 191219s1951 ii af 001 0 eng d | ||
| 035 | _a(BD-RjUL) | ||
| 040 |
_aNCSU:W _beng _cNCSU:W _dVDU |
||
| 041 | _aeng | ||
| 082 |
_223 _a709.54 _bIND 1951 |
||
| 245 | 0 | 0 |
_aIndian art through the ages. / _cMinistry of Information and Broadcasting. |
| 250 | _aRev. and enl. ed. | ||
| 260 |
_aCalcutta : _bMinistry of Information and Broadcasting Publications Division, _c1951. |
||
| 300 |
_axi, 136 pages : _bchiefly illustrations (some colour) ; _c25 cm. |
||
| 650 | 0 |
_aArt _zIndia _xHistory. _9236689 |
|
| 710 | 1 |
_aIndia. _bMinistry of Information and Broadcasting. _9236690 |
|
| 942 |
_2ddc _cBK |
||
| 999 |
_c76562 _d76562 |
||